Pokémon di tipo Lotta - Statistics

Statistiche generali
  • Questo quiz è stato fatto 17 volte
  • Il punteggio medio è 75 su 96
Statistiche sulle risposte
Numero Pokédex Nazionale Tipo Tipo Pokémon % Corretto
297 Lotta Lotta Hariyama
100%
107 Lotta Lotta Hitmonchan
100%
106 Lotta Lotta Hitmonlee
100%
237 Lotta Lotta Hitmontop
100%
448 Lotta Acciaio Lucario
100%
68 Lotta Lotta Machamp
100%
68 Lotta Lotta Machamp Gigamax
100%
67 Lotta Lotta Machoke
100%
66 Lotta Lotta Machop
100%
296 Lotta Lotta Makuhita
100%
56 Lotta Lotta Mankey
100%
308 Lotta Psico Medicham
100%
307 Lotta Psico Meditite
100%
308 Lotta Psico MegaMedicham
100%
150 Psico Lotta MegaMewtwo X
100%
619 Lotta Lotta Mienfoo
100%
57 Lotta Lotta Primeape
100%
447 Lotta Lotta Riolu
100%
539 Lotta Lotta Sawk
100%
236 Lotta Lotta Tyrogue
100%
493 Lotta Lotta Arceus (Lotta)
92%
257 Fuoco Lotta Blaziken
92%
286 Erba Lotta Breloom
92%
638 Acciaio Lotta Cobalion
92%
256 Fuoco Lotta Combusken
92%
453 Veleno Lotta Croagunk
92%
257 Fuoco Lotta MegaBlaziken
92%
448 Lotta Acciaio MegaLucario
92%
620 Lotta Lotta Mienshao
92%
62 Acqua Lotta Poliwrath
92%
639 Roccia Lotta Terrakion
92%
538 Lotta Lotta Throh
92%
454 Veleno Lotta Toxicroak
92%
640 Erba Lotta Virizion
92%
534 Lotta Lotta Conkeldurr
83%
500 Fuoco Lotta Emboar
83%
475 Psico Lotta Gallade
83%
533 Lotta Lotta Gurdurr
83%
214 Coleottero Lotta Heracross
83%
392 Fuoco Lotta Infernape
83%
647 Acqua Lotta Keldeo
83%
475 Psico Lotta MegaGallade
83%
214 Coleottero Lotta MegaHeracross
83%
391 Fuoco Lotta Monferno
83%
674 Lotta Lotta Pancham
83%
499 Fuoco Lotta Pignite
83%
128 Lotta Acqua Tauros (Forma di Paldea Varietà Acquatica)
83%
128 Lotta Lotta Tauros (Forma di Paldea Varietà Combattiva)
83%
128 Lotta Fuoco Tauros (Forma di Paldea Varietà Infuocata)
83%
532 Lotta Lotta Timburr
83%
145 Lotta Volante Zapdos (Forma di Galar)
83%
652 Erba Lotta Chesnaught
75%
701 Lotta Volante Hawlucha
75%
675 Lotta Buio Pangoro
75%
215 Lotta Veleno Sneasel (Forma di Hisui)
75%
979 Lotta Spettro Annihilape
67%
740 Lotta Ghiaccio Crabominable
67%
724 Erba Lotta Decidueye (Forma di Hisui)
67%
83 Lotta Lotta Farfetch'd (Forma di Galar)
67%
853 Lotta Lotta Grapploct
67%
784 Drago Lotta Kommo-o
67%
1007 Lotta Drago Koraidon
67%
891 Lotta Lotta Kubfu
67%
428 Normale Lotta MegaLopunny
67%
648 Normale Lotta Meloetta (Forma Danza)
67%
1014 Veleno Lotta Okidogi
67%
560 Buio Lotta Scrafty
67%
559 Buio Lotta Scraggy
67%
892 Lotta Acqua Urshifu Gigamax (Stile Pluricorpo)
67%
892 Lotta Buio Urshifu Gigamax (Stile Singolcolpo)
67%
892 Lotta Acqua Urshifu (Stile Pluricolpo)
67%
892 Lotta Buio Urshifu (Stile Singolcolpo)
67%
889 Lotta Lotta Zamazenta (Eroe di Mille Lotte)
67%
889 Lotta Acciaio Zamazenta (Re degli Scudi)
67%
988 Coleottero Lotta Alirasenti
58%
760 Normale Lotta Bewear
58%
794 Coleottero Lotta Buzzwole
58%
852 Lotta Lotta Clobbopus
58%
739 Lotta Lotta Crabrawler
58%
973 Volante Lotta Flamigo
58%
984 Terra Lotta Grandizanne
58%
783 Drago Lotta Hakamo-o
58%
549 Erba Lotta Lilligant (Forma di Hisui)
58%
992 Lotta Elettro Manoferrea
58%
795 Coleottero Lotta Pheromosa
58%
914 Acqua Lotta Quaquaval
58%
773 Lotta Lotta Silvally (Tipo Lotta)
58%
865 Lotta Lotta Sirfetch'd
58%
903 Lotta Veleno Sneasler
58%
759 Normale Lotta Stufful
58%
1006 Folletto Lotta Eroeferreo
50%
870 Lotta Lotta Falinks
50%
802 Lotta Spettro Marshadow
50%
766 Lotta Lotta Passimian
50%
922 Elettro Lotta Pawmo
50%
923 Elettro Lotta Pawmot
50%
Nessun quiz corrispondente trovato
Distribuzione punteggi
Percentuale di utenti per punteggio
Percentile per numero di risposta
I tuoi punteggi nel tempo
Non hai fatto questo quiz